| 000 | 00736nam a2200193 a 4500 | ||
|---|---|---|---|
| 001 | 5884 | ||
| 003 | CDMR | ||
| 005 | 20130620134829.0 | ||
| 008 | 130220s2002||||||||||||||||||||||||||||d | ||
| 040 |
_aCDMR _bcat _cCDMR |
||
| 111 |
_aSeminario Internacional Medios de comunicación y violencia de género _cSevilla _d2002 _n1er _92901 |
||
| 245 | 1 | 0 |
_a1er Seminario Internacional Medios de comunicación y violencia de género _b: Sevilla, 20 y 21 de noviembre, 2002 |
| 260 |
_aSevilla _bInstituto Andaluz de la Mujer _c2002 |
||
| 300 |
_a221 p ; _c17 cm |
||
| 650 | 0 | 4 |
_93167 _aEstudis de dones |
| 650 | 0 | 4 |
_92772 _aViolència en els mitjans de comunicació de massa |
| 650 | 0 | 4 |
_93818 _aMitjans de comunicació de massa i dones |
| 942 |
_cMON _2udc |
||
| 999 |
_c5884 _d5884 |
||